[Event "Landesliga U20 Sued 1516"]
[Site "Bayern"]
[Date "2016.01.23"]
[Round "5.4"]
[White "Schmidt, Maximilian"]
[Black "Ortner, Fabian"]
[Result "0-1"]
[WhiteElo "1132"]
[BlackElo "1212"]
[PlyCount "62"]
[EventDate "2015.11.21"]
[EventType "team-tourn"]
[EventRounds "7"]
[EventCountry "GER"]
[SourceTitle "EXT 2022"]
[Source "ChessBase"]
[SourceDate "2021.10.06"]
[SourceVersion "1"]
[SourceVersionDate "2021.10.06"]
[SourceQuality "1"]
[WhiteTeam "Forstenried U20"]
[BlackTeam "Ebersberg Grafing U20"]
[WhiteTeamCountry "GER"]
[BlackTeamCountry "GER"]

1. e4 d6 2. d4 g6 3. Nf3 Bg7 4. Bc4 b6 5. Nc3 Bb7 6. Bf4 Nd7 7. Ng5 e6 8. Nf3 Ngf6 9. 0-0 0-0 10. Bg5 Qe8 11. Re1 c6 12. e5 dxe5 13. dxe5 Nd5 14. Nxd5 cxd5 15. Qd2 dxc4 16. Bh6 Bxf3 17. Bxg7 Kxg7 18. gxf3 b5 19. Re4 Qe7 20. Rd1 Nb6 21. Rg4 Rad8 22. Rd4 Rxd4 23. Qxd4 Qg5+ 24. Kf1 Qe7 25. Re1 Nd5 26. c3 a6 27. b3 Rc8 28. Re4 cxb3 29. axb3 Rxc3 30. Rh4 Rxb3 31. Qg4 Rb4 0-1